Knajpy w Żurominie - Statystyki

Ogólne statystyki
  • Ten quiz został rozwiązany 50 razy
  • Średni wynik to 6 z 10
Statystyki odpowiedzi
Hint Odpowiedź % Poprawnych
Restauracja Zacisze
86%
Pizzeria Kluchy z Puchy
83%
Pizzeria Kurant
83%
Pizzeria Bachus
81%
Pizzeria Biesiadowo
67%
Restauracja Atmosfera
53%
Kebab Al Arab
50%
Restauracja Eden
39%
KFC po polsku Best Chicken
28%
Taka troche Ikea Słodkie i Słone
25%
Nie znaleziono quizów pasujących do podanych kryteriów
Rozkład punktacji
Procent ludzi z każdym wynikiem
Percentyl według liczby udzielonych odpowiedzi
Twoja historia wyników
Nie rozwiązałeś tego quizu